[Event "TUR-ch"]
[Site "Kemer"]
[Date "2012.01.30"]
[Round "3"]
[White "Sari, Serdar"]
[Black "Esen, Baris"]
[Result "0-1"]
[WhiteElo "2065"]
[BlackElo "2534"]
[PlyCount "108"]
[EventDate "2012.01.29"]
[EventType "swiss"]
[EventRounds "10"]
[EventCountry "TUR"]
[SourceTitle "CBM 146 Extra"]
[Source "ChessBase"]
[SourceDate "2012.02.29"]
[SourceVersion "1"]
[SourceVersionDate "2012.02.29"]
[SourceQuality "1"]

1. e4 e5 2. Nf3 Nc6 3. d4 exd4 4. Nxd4 Bc5 5. Nxc6 bxc6 6. Bc4 Qh4 7. Qf3 Nf6 8. Bf4 0-0 9. 0-0 d6 10. Nc3 Nh5 11. Bg3 Qg5 12. Qd3 a5 13. Ne2 Kh8 14. Qd1 Bg4 15. Qc1 Qg6 16. Bd3 Bxe2 17. Bxe2 Nxg3 18. hxg3 Qxg3 19. Bd3 Rae8 20. Qd1 Re6 21. Qf3 Qe5 22. Qf5 Qxb2 23. Rab1 Qe5 24. Qxe5 Rxe5 25. g3 g6 26. Kg2 Kg7 27. f4 Ree8 28. g4 Rb8 29. Rb3 a4 30. Rbb1 h6 31. Kf3 Bd4 32. Ke2 Bc3 33. Ba6 Bb2 34. Kd2 Rb6 35. Bd3 Ra8 36. c3 Ra5 37. f5 Rc5 38. c4 d5 39. exd5 cxd5 40. cxd5 Rxd5 41. fxg6 fxg6 42. Rf3 Bf6 43. Rxb6 cxb6 44. Ke3 b5 45. Rf1 b4 46. Rc1 Bc3 47. Rc2 Rc5 48. Be4 b3 49. axb3 axb3 50. Rh2 b2 51. Rh1 Bf6 52. Rb1 Bg5+ 53. Kd4 Rc8 54. Bd5 Bc1 0-1

[Event "NATO-ch 22nd"]
[Site "Kaunas"]
[Date "2011.08.12"]
[Round "7"]
[White "Sari, Serdar"]
[Black "Bucholtz, Robert"]
[Result "1-0"]
[WhiteElo "2032"]
[BlackElo "2112"]
[PlyCount "81"]
[EventDate "2011.08.08"]
[EventType "swiss"]
[EventRounds "7"]
[EventCountry "LTU"]
[SourceTitle "CBM 143 Extra"]
[Source "ChessBase"]
[SourceDate "2011.08.29"]
[SourceVersion "1"]
[SourceVersionDate "2011.08.29"]
[SourceQuality "1"]

1. d4 d5 2. Nc3 Bf5 3. f3 Nf6 4. Bg5 Nbd7 5. e3 c6 6. Bd3 Bxd3 7. Qxd3 Qa5 8. Nge2 e6 9. 0-0 Bd6 10. Bh4 Qc7 11. Bg3 Bxg3 12. Nxg3 h5 13. e4 h4 14. Nge2 0-0-0 15. e5 Ng8 16. a4 Nh6 17. b4 Qb8 18. f4 g6 19. b5 c5 20. b6 c4 21. bxa7 cxd3 22. axb8Q+ Nxb8 23. cxd3 Rd7 24. a5 Kd8 25. Na4 Re8 26. Nc5 Rc7 27. Nc3 Nf5 28. Nb5 Rc6 29. Nxb7+ Ke7 30. N7d6 Nxd6 31. Nxd6 Rd8 32. Rfb1 Nd7 33. Rb7 Ra6 34. Rb5 Rda8 35. Kf2 f5 36. g3 hxg3+ 37. hxg3 Rc6 38. Rh1 Nf8 39. Rb7+ Kd8 40. Rh8 Rxd6 41. Rxf8# 1-0

[Event "TUR-ch"]
[Site "Kemer"]
[Date "2011.02.11"]
[Round "8"]
[White "Sari, Serdar"]
[Black "Ozkan, Ervin"]
[Result "1/2-1/2"]
[WhiteElo "2002"]
[BlackElo "2213"]
[PlyCount "143"]
[EventDate "2011.02.05"]
[EventType "swiss"]
[EventRounds "10"]
[EventCountry "TUR"]
[SourceTitle "CBM 140 Extra"]
[Source "ChessBase"]
[SourceDate "2011.03.01"]
[SourceVersion "1"]
[SourceVersionDate "2011.03.01"]
[SourceQuality "1"]

1. d4 d5 2. Nf3 Nf6 3. Bg5 e6 4. Nbd2 Be7 5. e3 0-0 6. Bd3 c5 7. c3 Nc6 8. 0-0 h6 9. Bh4 Nd7 10. Bg3 f5 11. Bb5 Qb6 12. Bxc6 bxc6 13. Qb3 Ba6 14. Rfc1 Rfc8 15. Ne5 Nxe5 16. Bxe5 cxd4 17. exd4 Bg5 18. f4 Be7 19. Qxb6 axb6 20. Kf2 Kf7 21. g4 fxg4 22. Rg1 Bd3 23. Rxg4 g6 24. Nf3 Bf5 25. Rgg1 c5 26. Ke3 c4 27. a3 Ra7 28. Rac1 Rb7 29. Ne1 Kg8 30. Kd2 Kh7 31. Nc2 Rf8 32. Ne3 Be4 33. Rcf1 Rf7 34. Ng2 Rf5 35. Ne3 Rh5 36. Rf2 Ra7 37. Nc2 Bh4 38. Re2 Rf7 39. Ke3 g5 40. Ne1 Bxe1 41. Rgxe1 Rh3+ 42. Kd2 gxf4 43. Rf2 f3 44. Rg1 Rh5 45. Ke3 Rg5 46. Rg3 Rff5 47. Bf4 Rxg3 48. Bxg3 Rg5 49. Rf1 Rf5 50. Rg1 Bd3 51. Kf2 Rf7 52. Be5 Be4 53. Rg3 Ra7 54. Bb8 Rb7 55. Be5 b5 56. Bd6 Rd7 57. Be5 Rb7 58. Bd6 Rf7 59. Be5 h5 60. Rg5 b4 61. axb4 Bg6 62. Rg1 Ra7 63. Bf4 Ra2 64. Bc1 Be4 65. Ke3 Ra1 66. Kf2 Ra2 67. Rg3 Ra1 68. Rg1 Kh8 69. Bf4 Ra2 70. Bc1 Kh7 71. Rg3 Ra1 72. Rg1 1/2-1/2

[Event "TUR-ch"]
[Site "Kemer"]
[Date "2011.02.06"]
[Round "2"]
[White "Sari, Serdar"]
[Black "Isik, Engin Yasar"]
[Result "0-1"]
[WhiteElo "2002"]
[BlackElo "2191"]
[PlyCount "84"]
[EventDate "2011.02.05"]
[EventType "swiss"]
[EventRounds "10"]
[EventCountry "TUR"]
[SourceTitle "CBM 140 Extra"]
[Source "ChessBase"]
[SourceDate "2011.03.01"]
[SourceVersion "1"]
[SourceVersionDate "2011.03.01"]
[SourceQuality "1"]

1. d4 d5 2. Nf3 Nf6 3. c4 c6 4. cxd5 cxd5 5. Nc3 a6 6. a3 Nc6 7. Bf4 Bf5 8. e3 e6 9. Bd3 Bxd3 10. Qxd3 Be7 11. 0-0 0-0 12. Rfc1 Rc8 13. b4 Nd7 14. b5 Na5 15. Nd2 Nc4 16. bxa6 bxa6 17. Na4 Qa5 18. Nxc4 Qxa4 19. Nd6 Rc6 20. Nb7 Rfc8 21. Rxc6 Rxc6 22. h3 f5 23. g4 fxg4 24. hxg4 Nf6 25. Kg2 Nxg4 26. Rh1 Qc2 27. Qxc2 Rxc2 28. Kf3 Nxf2 29. Rh2 Nd3 30. Rxc2 Ne1+ 31. Ke2 Nxc2 32. a4 Nb4 33. Bc7 Nc6 34. Bd6 Kf7 35. Bxe7 Kxe7 36. Kf3 h5 37. Nc5 Nb8 38. Nd3 g5 39. e4 Nc6 40. Ke3 a5 41. e5 Kf7 42. Nc5 h4 0-1

[Event "NATO-ch 17th"]
[Site "Berkshire"]
[Date "2006.08.22"]
[Round "2"]
[White "Sari, Serdar"]
[Black "Hammond, Andrew JC"]
[Result "1-0"]
[WhiteElo "2089"]
[BlackElo "2208"]
[PlyCount "60"]
[EventDate "2006.08.21"]
[EventType "swiss"]
[EventRounds "7"]
[EventCountry "ENG"]
[SourceTitle "EXT 2007"]
[Source "ChessBase"]
[SourceDate "2006.11.23"]
[SourceVersion "1"]
[SourceVersionDate "2006.11.23"]
[SourceQuality "1"]

1. d4 Nf6 2. Nc3 g6 3. e4 d6 4. Be3 Bg7 5. Be2 0-0 6. g4 c5 7. g5 Ng4 8. Bxg4 cxd4 9. Bxc8 dxe3 10. Nd5 exf2+ 11. Kxf2 e6 12. Bxb7 exd5 13. Bxa8 Qb6+ 14. Kg2 dxe4 15. Bxe4 Qe3 16. Qf3 Qxg5+ 17. Kf1 Nd7 18. Ne2 Bxb2 19. Rb1 Bg7 20. h4 Qc5 21. Kg2 Ne5 22. Qf2 Qc4 23. Ng3 h5 24. Rhd1 Ng4 25. Qe2 Qxa2 26. Rb3 Re8 27. Rxd6 Qa1 28. Qd1 Qa5 29. Qd5 Qc7 30. Qd3 Qe7 1-0